000 00292nam a2200121Ia 4500
008 241002s9999 xx 000 0 und d
082 _a353.0313 MCG
100 _aMcGinniss Joe
245 4 _aThe Selling of the Presdent
260 _aLondon:
_c1970
600 _aSocial Sciences
942 _cUC
999 _c18859
_d18859